| 000 | 00756nam a22002537a 4500 | ||
|---|---|---|---|
| 999 |
_c5230 _d5230 |
||
| 001 | 12669 | ||
| 003 | BD-DhUAP | ||
| 005 | 20201203163452.0 | ||
| 008 | 201203s2007 ii a b 001 0 eng | ||
| 020 | _a8123911416 | ||
| 040 |
_aDNLM/DLC _cDLC _dBD-DhUAP _bEng |
||
| 082 | 0 | 0 |
_223 _a615.19 MAR |
| 100 | _aMark, W. V. | ||
| 245 |
_aChemical process industries / _cW. V. Mark ; edited by S. C. Bhatia. |
||
| 250 | _a2nd ed. | ||
| 260 |
_aNew Dehli : _bCBS Publ. & distributors, _cc2007. |
||
| 300 |
_avolumes : _billustrations ; _c22 cm. |
||
| 504 | _aIncludes bibliographical references and indexes. | ||
| 505 | _aV. 1-- | ||
| 650 | _aPharmaceutical chemistry. | ||
| 650 | _aPharmaceutical technology. | ||
| 700 | _aBhatia, S. C. | ||
| 942 |
_2ddc _cBK |
||